Psicobiología de la agresión y la violencia / (Record no. 149855)

MARC details
000 -LEADER
campo de control de longitud fija 00850nam a2200289 i 4500
001 - NÚMERO DE CONTROL
campo de control 149855
003 - IDENTIFICADOR DE NÚMERO DE CONTROL
campo de control ES-MaACL
005 - FECHA Y HORA DE LA ÚLTIMA TRANSACCIÓN
campo de control 20230906203302.0
007 - CAMPO FIJO DE DESCRIPCIÓN FÍSICA--INFORMACIÓN GENERAL
campo de control de longitud fija t|
008 - DATOS DE LONGITUD FIJA--INFORMACIÓN GENERAL
campo de control de longitud fija 071024s1983 sp ||||1| spa d
020 ## - NÚMERO INTERNACIONAL ESTÁNDAR DEL LIBRO
Número Internacional Estándar del Libro 84-205-0971-X
080 ## - NÚMERO DE LA CLASIFICACIÓN DECIMAL UNIVERSAL
Número de la Clasificación Decimal Universal 159.943.01
080 ## - NÚMERO DE LA CLASIFICACIÓN DECIMAL UNIVERSAL
Número de la Clasificación Decimal Universal 159.929
100 1# - ENTRADA PRINCIPAL--NOMBRE DE PERSONA
Nombre de persona Valzelli, Luigi.
9 (RLIN) 113028
245 10 - MENCIÓN DEL TÍTULO
Título Psicobiología de la agresión y la violencia /
Mención de responsabilidad, etc. L. Valzelli ; versión de J. Fernández Zulaica.
250 ## - MENCION DE EDICION
Mención de edición 1ª ed.
260 ## - PUBLICACIÓN, DISTRIBUCIÓN, ETC.
Lugar de publicación, distribución, etc. Madrid :
Nombre del editor, distribuidor, etc. Alhambra,
Fecha de publicación, distribución, etc. 1983.
300 ## - DESCRIPCIÓN FÍSICA
Extensión XI, 245 p. :
Otras características físicas il. ;
Dimensiones 24 cm.
490 1# - MENCIÓN DE SERIE
Mención de serie Alhambra Universidad
504 ## - NOTA DE BIBLIOGRAFÍA, ETC.
Nota de bibliografía, etc. Bibliografía : p. 167-240.
650 #4 - PUNTO DE ACCESO ADICIONAL DE MATERIA--TÉRMINO DE MATERIA
Término de materia o nombre geográfico como elemento de entrada Agresividad.
9 (RLIN) 9668
700 1# - ENTRADA AGREGADA--NOMBRE PERSONAL
Nombre de persona Fernández Zulaica, Jesús.
9 (RLIN) 50198
830 1# - PUNTO DE ACCESO ADICIONAL DE SERIE-TÍTULO UNIFORME
Título uniforme Alhambra Universidad
9 (RLIN) 180698
852 4# - LOCALIZACIÓN
Ubicación ES-MaACL
Número de control de estantería L-5117
852 4# - LOCALIZACIÓN
Ubicación ES-MaACL
Número de control de estantería L-9599
Holdings
Estatus retirado Estado de pérdida Estado de daño No para préstamo Biblioteca de origen Biblioteca actual Ubicación en estantería Fecha de adquisición Fuente de adquisición Total de préstamos Signatura topográfica completa Código de barras Visto por última vez Precio de reemplazo Tipo de ítem Koha
        Biblioteca del Ateneo de Madrid Biblioteca del Ateneo de Madrid Depósito 2 17/01/2008     L-9599 1156375 23/02/2023 23/02/2023 Libro impreso
        Biblioteca del Ateneo de Madrid Biblioteca del Ateneo de Madrid Depósito 2 17/01/2008     L-5117 1156374 23/02/2023 23/02/2023 Libro impreso